000 00451nam a22001577a 4500
005 20251108164222.0
008 250721s1990 xx 000 0 ara d
082 1 4 _a617.6/هدى
100 1 _aفاخوري، هدى
245 1 0 _aأسنانك رمز الشباب :
_bحافظ عليها بالوقاية /
264 1 _aعمان :
_bالمؤلفة،
_c1990.
300 _a116ص
650 1 7 _aطب الأسنان
942 _2ddc
_cBK
999 _c6644
_d6644